Bonded in death / (Record no. 404391)
[ view plain ]
| 000 -LEADER | |
|---|---|
| fixed length control field | 02419pam a2200421 i 4500 |
| 001 - CONTROL NUMBER | |
| control field | 2024041993 |
| 003 - CONTROL NUMBER IDENTIFIER | |
| control field | DLC |
| 005 - DATE AND TIME OF LATEST TRANSACTION | |
| control field | 20250304094832.0 |
| 008 - FIXED-LENGTH DATA ELEMENTS--GENERAL INFORMATION | |
| fixed length control field | 240906s2025 nyu 000 1 eng |
| 010 ## - LIBRARY OF CONGRESS CONTROL NUMBER | |
| LC control number | 2024041993 |
| 020 ## - INTERNATIONAL STANDARD BOOK NUMBER | |
| International Standard Book Number | 9781250370792 |
| Qualifying information | (hardcover) |
| 020 ## - INTERNATIONAL STANDARD BOOK NUMBER | |
| Cancelled/invalid ISBN | 9781250370808 |
| Qualifying information | (ebook) |
| 035 ## - SYSTEM CONTROL NUMBER | |
| System control number | (OCoLC)1429653003 |
| 040 ## - CATALOGING SOURCE | |
| Original cataloging agency | DLC |
| Language of cataloging | eng |
| Description conventions | rda |
| Transcribing agency | DLC |
| Modifying agency | DLC |
| -- | TnLvILS |
| 042 ## - AUTHENTICATION CODE | |
| Authentication code | pcc |
| 082 ## - DEWEY DECIMAL CLASSIFICATION NUMBER | |
| Classification number | [F] |
| 092 ## - LOCALLY ASSIGNED DEWEY CALL NUMBER (OCLC) | |
| Classification number | fiction |
| Item number | Robb, J. D. |
| 100 1# - MAIN ENTRY--PERSONAL NAME | |
| Personal name | Robb, J. D., |
| Dates associated with a name | 1950- |
| Relator term | author. |
| 9 (RLIN) | 43194 |
| 245 10 - TITLE STATEMENT | |
| Title | Bonded in death / |
| Statement of responsibility, etc | J.D. Robb. |
| 250 ## - EDITION STATEMENT | |
| Edition statement | First edition. |
| 264 #1 - Production, Publication, Distribution, Manufacture, and Copyright Notice. | |
| Place of production, publication, distribution, manufacture | New York : |
| Name of producer, publisher, distributor, manufacturer | St. Martin's Press, |
| Date of production, publication, distribution, manufacture, or copyr | 2025. |
| 300 ## - PHYSICAL DESCRIPTION | |
| Extent | 359 pages ; |
| Dimensions | 24 cm. |
| 336 ## - Content Type | |
| Content type term | text |
| 337 ## - Media type | |
| Media type term | unmediated |
| 338 ## - Carrier type | |
| Carrier type term | volume |
| 490 1# - SERIES STATEMENT | |
| Series statement | In death ; |
| Volume number/sequential designation | [book 60] |
| 500 ## - GENERAL NOTE | |
| General note | Exclusive In Death poster behind the jacket. |
| 520 ## - SUMMARY, ETC. | |
| Summary, etc | "His passport read Giovanni Rossi. But decades ago, during the Urban Wars, he was part of a small, secret organization called The Twelve. Responding to an urgent summons from an old compatriot, he landed in New York and eased into the waiting car. And died within minutes... Lieutenant Eve Dallas finds the Rossi case frustrating. She's got an elderly victim who'd just arrived from Rome; a widow who knows nothing about why he'd left; an as-yet unidentifiable weapon; and zero results on facial recognition. But when she finds a connection to the Urban Wars of the 2020s, she thinks Summerset ... may know something from his stint as a medic in Europe back then. When Summerset learns of the crime, his shock and grief are clear-because, as he eventually reveals, he himself was one of The Twelve. It's not a part of his past he likes to revisit. But now he must-not only to assist Eve's investigation, but because a cryptic message from the killer has boasted that others of The Twelve have also died. Summerset is one of those who remain-and the murderous mission is yet to be fully accomplished..."-- |
| 650 #0 - SUBJECT ADDED ENTRY--TOPICAL TERM | |
| Topical term or geographic name as entry element | Policewomen |
| Form subdivision | Fiction. |
| 9 (RLIN) | 5674055 |
| 650 #0 - SUBJECT ADDED ENTRY--TOPICAL TERM | |
| Topical term or geographic name as entry element | Murder |
| General subdivision | Investigation |
| Form subdivision | Fiction. |
| 9 (RLIN) | 5673630 |
| 650 #0 - SUBJECT ADDED ENTRY--TOPICAL TERM | |
| Topical term or geographic name as entry element | Undercover operations |
| Form subdivision | Fiction. |
| 9 (RLIN) | 5674352 |
| 655 #7 - INDEX TERM--GENRE/FORM | |
| Genre/form data or focus term | Detective and mystery fiction. |
| Source of term | lcgft. |
| 9 (RLIN) | 5683641 |
| 655 #7 - INDEX TERM--GENRE/FORM | |
| Genre/form data or focus term | Thrillers. |
| Source of term | lcgft. |
| 655 #7 - INDEX TERM--GENRE/FORM | |
| Genre/form data or focus term | Novels. |
| Source of term | lcgft. |
| 800 1# - SERIES ADDED ENTRY--PERSONAL NAME | |
| Personal name | Robb, J. D., |
| Dates associated with a name | 1950- |
| Title of a work | In death novel. |
| 9 (RLIN) | 5679090 |
| 907 ## - LOCAL DATA ELEMENT G, LDG (RLIN) | |
| a | .b492908631 |
| 942 ## - ADDED ENTRY ELEMENTS (KOHA) | |
| Source of classification or shelving scheme | Dewey Decimal Classification |
| Koha item type | BOOK |
| Withdrawn status | Lost status | Source of classification or shelving scheme | Damaged status | Not for loan | Collection code | Home library | Current library | Shelving location | Date acquired | Source of acquisition | Serial Enumeration / chronology | Total Checkouts | Total Renewals | Full call number | Barcode | Date last seen | Date checked out | Cost, replacement price | Price effective from | Koha item type |
|---|---|---|---|---|---|---|---|---|---|---|---|---|---|---|---|---|---|---|---|---|
| Dewey Decimal Classification | Fiction | Wasatch County Library | Wasatch County Library | First Floor | 03/04/2025 | Micromarketing | #60 In Death | 6 | 3 | F Robb | 34301002111195 | 06/28/2025 | 06/17/2025 | 30.00 | 03/04/2025 | BOOK |
